[Geometry Dash] 150 Best Players - Statistics

General Stats
  • This quiz has been taken 71 times
    22 since last reset
  • The average score is 32 of 150
Answer Stats
# Nation Player % Correct
2 USA wPopoff
100%
1 USA Zoink
100%
26 USA Doggie
94%
4 USA Trick
94%
3 USA Netermind
89%
40 GBR Cursed
78%
5 NZE zLevii
78%
9 ESP eastshark
67%
6 FIN kloone
67%
10 POR Taiago
67%
28 RUS A6
56%
18 GBR Whizkid05
56%
53 RUS Arshadow
50%
8 USA Thnnder
50%
12 BRZ DibiiziCookie
44%
25 UKR SerVax
44%
7 RUS Vorten
44%
21 DEU Mizukii
39%
47 KAZ teraaa
39%
23 RUS w3rty
39%
105 CAN Zeronium
39%
127 CAN Denni
33%
46 NDL JesseGamingGD
33%
17 ROM Kaza
33%
143 RUS Light
33%
11 RUS Nickname09
33%
29 USA Hqmy
28%
14 GBR iIiLaSeRiIi
28%
48 FIN Jerpaa
28%
19 KOR Laniakea
28%
57 AUS PersonHuman42
28%
60 KOR PoCle
28%
24 RUS ROZE
28%
35 HGY Serpentical
28%
20 USA Sharkified
28%
43 AUS SnowBallerr
28%
52 NOR Tunax
28%
41 CAN turtle
28%
63 PER Abdieldevil
22%
100 KOR Baeru
22%
54 DEU ChopBlox
22%
30 ESP CuatrocientosYT
22%
36 AUT Hover
22%
50 USA Johnlikediamond
22%
99 BRZ lus
22%
31 CAN Nexel
22%
140 USA paqoe
22%
16 CHL pizi
22%
27 DEU Quivert
22%
148 CAN RG
22%
49 USA skzyl
22%
13 CAN Slaughter
22%
22 ESP Superjavicon
22%
103 IND vonic
22%
39 USA WaterBottle317
22%
42 ESP weyolll3
22%
64 UKR whfyre
22%
112 NOR Zeroxy
22%
86 DNK Axinity
17%
61 EST Breakcore
17%
145 CZE Brumik
17%
58 USA cobrablitz
17%
34 USA Cookie
17%
104 POL dovv1n
17%
51 ARG Franzy
17%
80 ARG Hipo
17%
59 POR Karma.
17%
44 UKR l1nxxd
17%
32 AUS LAMINGTON
17%
15 MDV loliklee
17%
45 CHL manu
17%
88 ITY Paliermu
17%
98 CHL PaltaDash
17%
96 UKR Rain
17%
137 CAN Rain
17%
70 USA Vikings
17%
37 AUS ViperVenom95
17%
147 RUS akka
11%
56 USA Albert
11%
101 DEU bims
11%
85 KOR Blebae
11%
109 ITY brite
11%
84 USA ColossalOrange
11%
120 FRA coubitic
11%
62 CAN cudby
11%
92 KOR DNM121
11%
111 MEX Donei GD
11%
130 PER el terror
11%
114 CHN eternalluna
11%
142 RUS exsii
11%
38 CAN Finley
11%
83 BEL Flavyola64
11%
115 FIN GGonop
11%
108 BRZ gotsmile
11%
71 ESP GuillExprex52
11%
123 FRA Illyes
11%
106 NDL JannisTE
11%
75 SRB Kole
11%
67 POL Komet01
11%
133 FRA Litoks
11%
95 FIN mariner
11%
65 JPN MeQ8cNv43s6A
11%
93 ESP miguel6456
11%
69 AUS MrOozer
11%
124 RUS noname228gg
11%
117 RUS noxell
11%
33 KOR P1kil
11%
134 USA powersplit
11%
97 COL Raffox
11%
144 AUT RicoLP
11%
126 ARG Samot
11%
125 USA sawyer
11%
68 KOR Seturan
11%
82 ISR Syrcx
11%
107 USA TFIBB
11%
89 USA theworldofme
11%
121 AUS Tyson
11%
113 SWE VeturnusGDMC
11%
136 RUS vvay
11%
102 ESP wFishe
11%
66 USA zGamerdude
11%
135 FRA zThund3r
11%
87 USA Bigthunder556
6%
90 RUS BONN GD
6%
76 USA DJ1482
6%
132 RUS Ekskriptn
6%
79 RUS fallen
6%
129 RUS foxyan17
6%
74 USA fusion425
6%
116 USA hstorm
6%
141 RUS itzhealer
6%
118 RUS JabkaGD
6%
55 USA kopre
6%
131 POL kropka
6%
138 POL lanx
6%
91 RUS maxer
6%
119 RUS microforest
6%
77 USA NordstromUSA
6%
78 USA ProudGiraffe311
6%
149 CAN ScoffGD
6%
94 USA Scotchtape
6%
146 RUS steelik
6%
72 RUS takma
6%
73 USA Tired
6%
139 GBR Chubs Dubs
0%
128 USA Conical
0%
150 ??? corzeals1324
0%
122 USA dice88
0%
81 USA LuckyL4
0%
110 USA Modlini
0%
No matching quizzes found
Score Distribution
Percent of People with Each Score
Percentile by Number Answered
Your Score History
You have not taken this quiz since the last reset